000 00481nam a2200169 4500
001 19903
005 20230410101834.0
008 060907n1989 dr spa
035 _9funglode20054
041 _aES
050 1 4 _a118 BV 210.2 L333m 1989
100 _aLarrañaga, Ignacio
245 1 _aMuéstrame tu rostro :
_bhacia la intimidad con Dios /
_cIgnacio Larrañaga
260 _aSanto Domingo :
_bSusaeta Ediciones,
_c1989
300 _a382 p.
942 _2lcc
_cbk
999 _c14856
_d14856